000 00351pam a2200157a 44500
008 230515b1990 xxu||||| |||| 00| 0 eng d
020 _aNULL
041 _aENGLISH
082 _aN.D.
100 _aRamamrutham S.
245 _aTheory Of Structures
250 _a0
260 _aNULL
_bDhanpat Rai & Sons
_c1990
300 _a1136
650 _aNULL
999 _c572213
_d572213